Top 50 Best NFL Players of All Time - Statistics

General Stats
  • This quiz has been taken 52 times
  • The average score is 23 of 50
Answer Stats
Rank Position Team(s) Answer % Correct
4 QB 49ers Joe Montana
100%
1 WR 49ers Jerry Rice
96%
8 QB Colts/Broncos Peyton Manning
96%
2 FB Browns Jim Brown
91%
3 LB Giants Lawrence Taylor
87%
21 QB Patriots Tom Brady
87%
17 RB Lions Barry Sanders
82%
34 CB/RS Falcons/Cowboys Deion Sanders
82%
5 RB Bears Walter Payton
82%
25 QB Dolphins Dan Marino
78%
28 RB Cowboys Emmitt Smith
78%
31 OT Bills Bruce Smith
76%
7 DE Packers/Eagles Reggie White
73%
6 QB Colts Johnny Unitas
71%
10 LB Bears Dick Butkus
67%
18 LB Ravens Ray Lewis
67%
23 QB Broncos John Elway
62%
50 QB Steelers Terry Bradshaw
62%
13 DT Steelers Joe Greene
60%
45 TE Chiefs Tony Gonzalez
56%
20 QB Packers Brett Farve
53%
11 CB/S 49ers Ronnie Lott
53%
12 OT Bengals Anthony Munoz
49%
16 QB Browns Otto Graham
49%
41 CB/S Steelers Rod Woodson
49%
40 RB Bills O.J. Simpson
47%
14 QB/S/P Commanders Sammy Baugh
47%
22 HB/RS Bears Gale Sayers
40%
46 QB Cowboys Roger Staubach
40%
15 DE Rams Deacon Jones
36%
30 CB Rams/Cardinals/Lions Night Train Lane
33%
43 DT Vikings Alan Page
31%
29 LB Steelers Jack Lambert
29%
44 CB Steelers Mel Blount
27%
38 WR Chargers Lance Alworth
24%
33 QB Bears Sid Luckman
24%
47 LB Packers Ray Nitschke
20%
26 DT Cowboys Bob Lilly
18%
42 TE Baltimore Colts John Mackey
18%
27 DT Rams Merlin Olsen
18%
24 G Patriots John Hannah
16%
36 SE Baltimore Colts Raymond Berry
13%
35 C/LB Eagles Chuck Bednarik
11%
9 E Packers Don Hudson
9%
48 HB Bears Red Grange
9%
19 FB/OT Bears Bronko Nagurski
7%
49 CB Raiders/Patriots Mike Haynes
7%
32 OT Baltimore Colts Jim Parker
4%
39 HB Baltimore Colts Gino Marchetti
0%
37 HB Canton Bulldogs Jim Thrope
0%
No matching quizzes found
Score Distribution
Percent of People with Each Score
Percentile by Number Answered
Your Score History
You have not taken this quiz